[Event "41st Pan-American U20"]
[Site "Guatape COL"]
[Date "2016.06.24"]
[Round "7.14"]
[White "Tapia, Alexei"]
[Black "Heinechen, Juan"]
[Result "1-0"]
[WhiteElo "2204"]
[BlackElo "2080"]
[EventDate "2016.06.20"]
[PlyCount "105"]

1.Nf3 c5 2.g3 Nc6 3.Bg2 g6 4.c3 Bg7 5.d4 cxd4 6.cxd4 d5 7.Nc3 Nf6 8.O-O 
O-O 9.Ne5 e6 10.Nxc6 bxc6 11.Na4 Nd7 12.Bf4 Ba6 13.Rc1 Rc8 14.Qd2 Nb6 15.
Nc5 Nc4 16.Qc3 Qb6 17.Nd7 Qxb2 18.Qxb2 Nxb2 19.Nxf8 Kxf8 20.Be3 Bxe2 21.
Rfe1 Bc4 22.Bf1 Nd3 23.Bxd3 Bxd3 24.Red1 Bc4 25.Rb1 Bb5 26.Rdc1 a6 27.Rb4 
Ra8 28.Rbb1 Ke8 29.f4 Bf8 30.Kf2 Bd6 31.Bd2 a5 32.a4 Bc4 33.Rb7 c5 34.Ke3 
cxd4+ 35.Kxd4 Ba6 36.Rbb1 Bc4 37.Rc2 Kd7 38.Rcb2 f6 39.Rb7+ Bc7 40.Bc3 e5+
41.fxe5 fxe5+ 42.Kc5 Ba6 43.Bxe5 Bxb7 44.Rxb7 Rc8 45.Kxd5 Kd8 46.Bxc7+ 
Rxc7 47.Rxc7 Kxc7 48.g4 h6 49.Ke6 Kc6 50.Kf6 h5 51.g5 Kc5 52.Kxg6 Kb4 53.
Kxh5 1-0

[Event "41st Pan-American U20"]
[Site "Guatape COL"]
[Date "2016.06.24"]
[Round "7.15"]
[White "Posada, Juan Manuel"]
[Black "Filipps, Yamil"]
[Result "1-0"]
[WhiteElo "2041"]
[BlackElo "2164"]
[EventDate "2016.06.20"]
[PlyCount "93"]

1.e4 e6 2.d4 d5 3.Nd2 Nf6 4.e5 Nfd7 5.Bd3 c5 6.c3 Nc6 7.Ne2 cxd4 8.cxd4 f6
9.exf6 Nxf6 10.O-O Bd6 11.Nf3 Qc7 12.g3 O-O 13.Bf4 e5 14.dxe5 Nxe5 15.Nxe5
Bxe5 16.Rc1 Qd6 17.Qa4 Bg4 18.Bxe5 Qxe5 19.Qd4 Rae8 20.Qxe5 Rxe5 21.Nd4 
Rfe8 22.Kg2 Rh5 23.Rfe1 Bh3+ 24.Kg1 Rhe5 25.Rxe5 Rxe5 26.f3 h5 27.Kf2 Re7 
28.Bg6 Nd7 29.Rc8+ Nf8 30.g4 hxg4 31.Kg3 Re3 32.Kh4 a6 33.fxg4 Bf1 34.Kg5 
Bb5 35.h4 Bd7 36.Rd8 Rg3 37.Bf5 Bxf5 38.Nxf5 Rg2 39.h5 Rxb2 40.Re8 Rb6 41.
Re7 Ne6+ 42.Kh4 d4 43.g5 Kf8 44.g6 Rb5 45.Rf7+ Kg8 46.Ne7+ Kh8 47.h6 1-0

[Event "41st Pan-American U20"]
[Site "Guatape COL"]
[Date "2016.06.24"]
[Round "7.16"]
[White "Rengifo Blancas, Renzo Jhonath"]
[Black "Yepez, Yeison Alexander"]
[Result "1-0"]
[WhiteElo "2140"]
[BlackElo "1968"]
[EventDate "2016.06.20"]
[PlyCount "61"]

1.e4 c5 2.c3 Nf6 3.e5 Nd5 4.d4 cxd4 5.cxd4 d6 6.Nf3 Nc6 7.Bc4 Nb6 8.Bb5 
dxe5 9.Nxe5 Bd7 10.Nxd7 Qxd7 11.O-O e6 12.Qg4 g6 13.Nc3 h5 14.Qe4 Bg7 15.
Rd1 O-O 16.Bg5 a6 17.Bxc6 bxc6 18.Rac1 f6 19.Be3 f5 20.Qh4 Nd5 21.Nxd5 
Qxd5 22.b3 Qa5 23.Qg3 Qd5 24.Qxg6 f4 25.Rc5 Qd6 26.Bc1 Rad8 27.Rxh5 Rf6 
28.Qh7+ Kf7 29.Rg5 Rg8 30.Qh5+ Kf8 31.Ra5 1-0

[Event "41st Pan-American U20"]
[Site "Guatape COL"]
[Date "2016.06.24"]
[Round "7.17"]
[White "Obando Guzman, Soren Federico"]
[Black "Quinonez Garcia, Santiago"]
[Result "1-0"]
[WhiteElo "1992"]
[BlackElo "2125"]
[EventDate "2016.06.20"]
[PlyCount "73"]

1.d4 Nf6 2.c4 g6 3.Nf3 Bg7 4.Nc3 d5 5.Qa4+ c6 6.cxd5 Nxd5 7.e4 Nb6 8.Qc2 
O-O 9.Be3 Bg4 10.Ne5 Be6 11.O-O-O N8d7 12.h4 Nxe5 13.dxe5 Qc7 14.f4 Nc4 
15.Bd4 Bh6 16.g3 Nxe5 17.Kb1 Ng4 18.f5 Bd7 19.Bh3 Nf6 20.g4 Ne8 21.g5 Bg7 
22.f6 exf6 23.gxf6 Bxf6 24.Bxd7 Bxd4 25.Rxd4 Nf6 26.Qh2 Qb6 27.Rhd1 Rad8 
28.Qf4 Nh5 29.Qf3 Ng7 30.e5 Qc5 31.Qf6 Nh5 32.Qd6 Qa5 33.Ne4 Rfe8 34.Nc5 
Qb6 35.e6 fxe6 36.Bxe6+ Kh8 37.Qe5+ 1-0

[Event "41st Pan-American U20"]
[Site "Guatape COL"]
[Date "2016.06.24"]
[Round "7.18"]
[White "Zapata Arbelaez, Estiven"]
[Black "Calero, Hector Andres"]
[Result "1-0"]
[WhiteElo "2102"]
[BlackElo "1845"]
[EventDate "2016.06.20"]
[PlyCount "43"]

1.d4 Nf6 2.c4 g6 3.Nc3 Bg7 4.e4 d6 5.Nf3 O-O 6.Be2 Na6 7.O-O e5 8.Be3 Ng4 
9.Bg5 Qe8 10.dxe5 dxe5 11.h3 h6 12.Bd2 Nf6 13.Be3 Qe7 14.Nd5 Nxd5 15.cxd5 
Rd8 16.Rc1 f5 17.b4 b6 18.b5 Nc5 19.Bxc5 bxc5 20.Nd2 Bb7 21.f3 f4 22.Nb3 
1-0

[Event "41st Pan-American U20"]
[Site "Guatape COL"]
[Date "2016.06.24"]
[Round "7.19"]
[White "Salcedo, Pablo Esteban"]
[Black "Cotto Mux, Hector Vinicio"]
[Result "0-1"]
[WhiteElo "2035"]
[BlackElo "1939"]
[EventDate "2016.06.20"]
[PlyCount "56"]

1.d4 d5 2.c4 e6 3.Nc3 Nf6 4.cxd5 exd5 5.Bg5 Be7 6.e3 c6 7.Qc2 O-O 8.Bd3 
Nbd7 9.Nge2 h6 10.Bh4 Re8 11.O-O-O Nf8 12.h3 Bd7 13.g4 b5 14.Ng3 g5 15.
Bxg5 hxg5 16.h4 gxh4 17.g5 Ng4 18.Nf5 b4 19.Rxh4 Bxf5 20.Bxf5 Nxe3 21.fxe3
Bxg5 22.Rg1 Rxe3 23.Kd1 bxc3 24.Rh5 f6 25.Rgh1 cxb2 26.Bg4 Re4 27.Be2 Rb8 
28.Qb1 Qa5 0-1

[Event "41st Pan-American U20"]
[Site "Guatape COL"]
[Date "2016.06.24"]
[Round "7.20"]
[White "Echeverry, Jose Miguel"]
[Black "Soto, Miguel Angel"]
[Result "0-1"]
[WhiteElo "1807"]
[BlackElo "1972"]
[EventDate "2016.06.20"]
[PlyCount "56"]

1.e4 c5 2.Nc3 Nc6 3.f4 g6 4.Nf3 Bg7 5.Bc4 d6 6.O-O e6 7.d3 Nge7 8.Qe1 a6 
9.a3 O-O 10.Qh4 b5 11.Bb3 d5 12.f5 exf5 13.exd5 Nd4 14.Bg5 f6 15.d6+ Nxb3 
16.dxe7 Qxe7 17.Rae1 fxg5 18.Rxe7 gxh4 19.cxb3 Bf6 20.Rc7 Be6 21.Rxc5 Bxb3
22.Rf2 Rac8 23.Rxc8 Rxc8 24.d4 Rd8 25.Rd2 g5 26.Ne2 Bc4 27.Kf2 g4 28.Ne1 
Bxe2 0-1

[Event "41st Pan-American U20"]
[Site "Guatape COL"]
[Date "2016.06.24"]
[Round "7.21"]
[White "Bejar Caceres, Brayan"]
[Black "Fernandez, Nelson Wilfredo"]
[Result "0-1"]
[WhiteElo "1957"]
[BlackElo "1814"]
[EventDate "2016.06.20"]
[PlyCount "50"]

1.e4 e5 2.Nf3 Nc6 3.Nc3 Nf6 4.g3 Bc5 5.Bg2 d6 6.d3 a6 7.O-O h6 8.Be3 Bxe3 
9.fxe3 Be6 10.Nh4 Ne7 11.d4 Qd7 12.Nf5 Nxf5 13.exf5 Bxf5 14.Qf3 Bxc2 15.
Rf2 Bg6 16.Qxb7 O-O 17.Bc6 Qe7 18.Rxf6 Qxf6 19.Nd5 Qg5 20.Qxc7 Rad8 21.Re1
Kh8 22.Ne7 exd4 23.exd4 Qd2 24.Rf1 Qxd4+ 25.Rf2 Qc5 0-1

[Event "41st Pan-American U20"]
[Site "Guatape COL"]
[Date "2016.06.24"]
[Round "7.22"]
[White "Olarte Parra, Jhoan Sebastian"]
[Black "Benjumea Rave, Jaime Stiden"]
[Result "1-0"]
[WhiteElo "2001"]
[BlackElo "1775"]
[EventDate "2016.06.20"]
[PlyCount "73"]

1.f4 e5 2.fxe5 d6 3.exd6 Bxd6 4.Nf3 Nf6 5.Nc3 Nc6 6.e4 O-O 7.d3 Bg4 8.Bg5 
Bc5 9.Qd2 h6 10.Be3 Nd4 11.Nxd4 Bxd4 12.Bxd4 Qxd4 13.Be2 b5 14.Bf3 Rab8 
15.Qf2 Qb4 16.O-O-O Be6 17.d4 Bc4 18.e5 Nd7 19.Be4 Nb6 20.Qf5 g6 21.Qh3 
Na4 22.Nxa4 bxa4 23.b3 axb3 24.axb3 Be6 25.Qe3 Rb5 26.Kb2 Rfb8 27.d5 Bg4 
28.Rd4 Qe7 29.Bd3 Ra5 30.Rxg4 Qa3+ 31.Kc3 Rxd5 32.Bc4 Ra5 33.Rxg6+ Kf8 34.
Qxh6+ Ke7 35.Qh4+ Kf8 36.Qh8+ Ke7 37.Qf6+ 1-0

[Event "41st Pan-American U20"]
[Site "Guatape COL"]
[Date "2016.06.24"]
[Round "7.23"]
[White "Ruiz Agudelo, Santiago"]
[Black "Suarez Ohiggins, Luis"]
[Result "1-0"]
[WhiteElo "1722"]
[BlackElo "1936"]
[EventDate "2016.06.20"]
[PlyCount "107"]

1.e4 e5 2.Nf3 Nc6 3.Bb5 a6 4.Ba4 Nf6 5.O-O Be7 6.Re1 b5 7.Bb3 d6 8.c3 O-O 
9.h3 Na5 10.Bc2 c5 11.d4 Qc7 12.d5 c4 13.b4 cxb3 14.axb3 Bd7 15.Bd2 Nb7 
16.Na3 Rfb8 17.Qe2 Nd8 18.Bd3 Ne8 19.Rec1 g6 20.b4 f5 21.c4 fxe4 22.Bxe4 
bxc4 23.Nxc4 Bb5 24.Bd3 Qb7 25.Bg5 Bxg5 26.Nxg5 Qe7 27.Ne4 Ra7 28.Rcb1 Nf7
29.Ne3 Nc7 30.Bxb5 Nxb5 31.Ng4 Nd4 32.Qd3 Nb5 33.Ngf6+ Kg7 34.h4 Rc8 35.h5
Nh6 36.g4 Rf8 37.g5 Nf7 38.Qg3 Nd4 39.Kg2 Ne2 40.Qg4 Nf4+ 41.Kg3 gxh5 42.
Nxh5+ Nxh5+ 43.Qxh5 Rh8 44.Rh1 h6 45.g6 Nd8 46.Rh3 Nb7 47.Rah1 Qe8 48.Rh4 
Qe7 49.Qf5 a5 50.Kg4 axb4 51.Rxh6 Rxh6 52.Rxh6 Qf8 53.Rh7+ Kg8 54.Rh8+ 1-0

[Event "41st Pan-American U20"]
[Site "Guatape COL"]
[Date "2016.06.24"]
[Round "7.24"]
[White "Castano Orrego, Simon"]
[Black "Perez Lujan, Mateo"]
[Result "1-0"]
[WhiteElo "1687"]
[BlackElo "1851"]
[EventDate "2016.06.20"]
[PlyCount "77"]

1.e4 d5 2.exd5 Nf6 3.d4 Nxd5 4.c4 Nf6 5.Nc3 Bf5 6.Be3 c6 7.Nf3 e6 8.Bd3 
Bxd3 9.Qxd3 Bd6 10.O-O Nbd7 11.a3 O-O 12.b4 e5 13.Nd2 exd4 14.Bxd4 Ne5 15.
Qf5 Neg4 16.Nf3 Nxh2 17.Rfd1 Nxf3+ 18.Qxf3 Qc7 19.Bxf6 gxf6 20.Qxf6 Be5 
21.Qg5+ Kh8 22.Rd3 f6 23.Qf5 Rad8 24.Rh3 Qd7 25.Qh5 Qf7 26.Qf5 Qd7 27.Qh5 
Rf7 28.Rd1 Qxd1+ 29.Nxd1 Rfd7 30.Ne3 b5 31.cxb5 cxb5 32.g3 Rg7 33.Qf5 Rd4 
34.Kf1 a5 35.f4 axb4 36.axb4 Bc7 37.Qxf6 Rd6 38.Qf5 Bd8 39.Qf8+ 1-0

[Event "41st Pan-American U20"]
[Site "Guatape COL"]
[Date "2016.06.24"]
[Round "7.28"]
[White "Acevedo Del Rio, Andres F"]
[Black "Norena Marin, Jeronimo"]
[Result "1-0"]
[WhiteElo "1835"]
[BlackElo "1514"]
[EventDate "2016.06.20"]
[PlyCount "49"]

1.e4 e5 2.Nf3 Nf6 3.Nxe5 d6 4.Nf3 Nxe4 5.Nc3 Nxc3 6.dxc3 Qe7+ 7.Be3 g6 8.
Qd2 Bg7 9.O-O-O O-O 10.Bh6 Qe6 11.Kb1 Nc6 12.Bxg7 Kxg7 13.Bd3 Qg4 14.h3 
Qxg2 15.Qe3 Bxh3 16.Rdg1 Rae8 17.Rxg2 Rxe3 18.Rxh3 Re6 19.b3 Na5 20.Kb2 c5
21.Ng5 Re5 22.f4 Ree8 23.Rxh7+ Kf6 24.Nxf7 Re7 25.Rxg6# 1-0

[Event "41st Pan-American U20"]
[Site "Guatape COL"]
[Date "2016.06.24"]
[Round "8.2"]
[White "Cori Quispe, Kevin Joel"]
[Black "Viswanadha, Kesav"]
[Result "1-0"]
[WhiteElo "2353"]
[BlackElo "2377"]
[EventDate "2016.06.20"]
[PlyCount "57"]

1.e4 e5 2.Nf3 Nc6 3.Bc4 Nf6 4.d3 Bc5 5.c3 d6 6.O-O a6 7.Bb3 Ba7 8.Nbd2 h6 
9.h3 g5 10.Nh2 g4 11.hxg4 Rg8 12.Qf3 Qe7 13.Nc4 Bxg4 14.Nxg4 Nxg4 15.Ne3 
Bxe3 16.fxe3 Rg7 17.Qh3 Qg5 18.Bd2 Nd8 19.Rf5 Qg6 20.Raf1 Ne6 21.R1f3 
O-O-O 22.Rg3 Rdg8 23.Be1 h5 24.Rxh5 Qf6 25.Rf5 Qd8 26.Rxf7 Rh8 27.Bxe6+ 
Kb8 28.Rxg7 Rxh3 29.Rg8 1-0

[Event "41st Pan-American U20"]
[Site "Guatape COL"]
[Date "2016.06.24"]
[Round "8.3"]
[White "Ostrovskiy, Aleksandr A"]
[Black "Santiago Vilca, Christian Amil"]
[Result "1-0"]
[WhiteElo "2390"]
[BlackElo "2269"]
[EventDate "2016.06.20"]
[PlyCount "91"]

1.e4 c5 2.Nf3 e6 3.d4 cxd4 4.Nxd4 a6 5.Bd3 Nf6 6.O-O Qc7 7.Qe2 d6 8.c4 g6 
9.Nc3 Bg7 10.Nf3 O-O 11.h3 Nc6 12.Be3 b6 13.Rac1 Nd7 14.Rfd1 Bb7 15.Qd2 
Rfe8 16.Bb1 Bf8 17.b3 Nc5 18.Bh6 Rad8 19.Nh2 Bxh6 20.Qxh6 f6 21.Ng4 Qg7 
22.Qxg7+ Kxg7 23.f4 f5 24.exf5 gxf5 25.Ne3 h5 26.Rd2 Rd7 27.Rcd1 Red8 28.
Kf2 h4 29.Bxf5 exf5 30.Nxf5+ Kf8 31.Nxh4 b5 32.cxb5 axb5 33.Re2 Ne7 34.
Nxb5 Ne4+ 35.Ke1 d5 36.Nd4 Re8 37.Rxe4 dxe4 38.Ne6+ Kg8 39.Rxd7 Bc6 40.Rd8
Rxd8 41.Nxd8 Bd5 42.Ke2 Kf8 43.f5 Ke8 44.Ne6 Bb7 45.Nc5 Bc6 46.g4 1-0

[Event "41st Pan-American U20"]
[Site "Guatape COL"]
[Date "2016.06.24"]
[Round "8.4"]
[White "Jimenez Garcia, Emmanuel"]
[Black "Gracia Alvarez, Gerardo An"]
[Result "1-0"]
[WhiteElo "2218"]
[BlackElo "2241"]
[EventDate "2016.06.20"]
[PlyCount "121"]

1.c4 e5 2.g3 Nf6 3.Bg2 Nc6 4.Nc3 Bc5 5.a3 a6 6.e3 O-O 7.Nge2 d6 8.d4 exd4 
9.exd4 Ba7 10.h3 Re8 11.O-O h6 12.Be3 Ne7 13.Qd2 Rb8 14.g4 Be6 15.b3 b5 
16.Nf4 Bd7 17.c5 dxc5 18.dxc5 Bc6 19.Rfd1 Qxd2 20.Rxd2 Bxg2 21.Kxg2 Rbd8 
22.Rad1 Rxd2 23.Rxd2 c6 24.Kf3 Bb8 25.Nd3 Bc7 26.g5 hxg5 27.Bxg5 Ned5 28.
Bxf6 Nxf6 29.Nb4 Ba5 30.Rd6 Bxb4 31.axb4 Rc8 32.Rd4 Kf8 33.h4 Ke7 34.Ne4 
Nxe4 35.Rxe4+ Kd7 36.h5 Rh8 37.Rd4+ Ke7 38.Kg4 Rh6 39.Re4+ Kd7 40.Kg5 f6+ 
41.Kg4 f5+ 42.Kxf5 Rxh5+ 43.Kg6 Rh2 44.f4 Rg2+ 45.Kf7 Rg4 46.Rd4+ Kc7 47.
Re4 Kd7 48.Kf8 Kd8 49.Re8+ Kd7 50.Re7+ Kd8 51.f5 Rg5 52.Rf7 Kc8 53.Ke7 Rh5
54.Kd6 Rh6+ 55.Ke5 Rh7 56.Ra7 Kb8 57.Rxa6 Kb7 58.Ra1 Rh4 59.Rg1 Rxb4 60.
Rxg7+ Ka6 61.Rg3 1-0

[Event "41st Pan-American U20"]
[Site "Guatape COL"]
[Date "2016.06.24"]
[Round "8.5"]
[White "Campos Jimenez, Augusto Cesar"]
[Black "Albornoz Cabrera, Carlos Danie"]
[Result "1/2-1/2"]
[WhiteElo "2337"]
[BlackElo "2471"]
[EventDate "2016.06.20"]
[PlyCount "119"]

1.e4 c5 2.Nf3 Nc6 3.Bb5 d6 4.O-O Bd7 5.Re1 Nf6 6.c3 a6 7.Bf1 Bg4 8.h3 Bxf3
9.Qxf3 e6 10.Qg3 Nh5 11.Qe3 Be7 12.Na3 O-O 13.Nc2 d5 14.d3 Nf6 15.Qg3 Re8 
16.Bh6 Bf8 17.Rad1 d4 18.e5 Nh5 19.Qg4 g6 20.Bxf8 Rxf8 21.cxd4 cxd4 22.Qe4
Qb6 23.Na3 Qa5 24.Ra1 Rad8 25.Nc4 Qd5 26.Rac1 Qxe4 27.Rxe4 Rd5 28.a3 a5 
29.g4 Ng7 30.Bg2 Rc5 31.Ree1 Rb8 32.f4 g5 33.fxg5 Ne8 34.Bxc6 bxc6 35.Re4 
Rxb2 36.Rxd4 Rb8 37.Rd7 Rd5 38.Rxd5 cxd5 39.Nxa5 Rb5 40.Rc8 Rxa5 41.Rxe8+ 
Kg7 42.Kf2 Rxa3 43.Ke3 Ra1 44.h4 Re1+ 45.Kf4 Rf1+ 46.Kg3 Rg1+ 47.Kf3 Rf1+ 
48.Ke3 Re1+ 49.Kf4 Rf1+ 50.Kg3 Rg1+ 51.Kf3 Rf1+ 52.Kg2 Rd1 53.h5 h6 54.g6 
fxg6 55.Re7+ Kf8 56.Rxe6 gxh5 57.gxh5 Rxd3 58.Kf2 d4 59.Rxh6 Re3 60.Rd6 
1/2-1/2

[Event "41st Pan-American U20"]
[Site "Guatape COL"]
[Date "2016.06.24"]
[Round "8.6"]
[White "Barros Rivadeneira, Cristhian"]
[Black "Vasquez, Guillermo"]
[Result "1-0"]
[WhiteElo "2283"]
[BlackElo "2401"]
[EventDate "2016.06.20"]
[PlyCount "111"]

1.c4 e6 2.g3 d5 3.Bg2 dxc4 4.Qa4+ Nd7 5.Qxc4 a6 6.Qc2 Ngf6 7.Nf3 c5 8.Nc3 
Be7 9.O-O O-O 10.d4 b5 11.dxc5 Bb7 12.b4 a5 13.Nxb5 Be4 14.Qb2 axb4 15.Nd6
Nxc5 16.Nxe4 Nfxe4 17.Qxb4 Rb8 18.Qc4 Qa5 19.Ne5 Rb4 20.Qc2 Qa6 21.Be3 Bd6
22.Nd7 Rc4 23.Nxc5 Nxc5 24.Qd2 Ra4 25.Qc3 Ra3 26.Qc2 Rc8 27.Rfc1 Ra4 28.
Rab1 Rxa2 29.Qc4 Qxc4 30.Rxc4 Ra5 31.Rbc1 f5 32.Bd2 Rb5 33.Bb4 Kf7 34.e3 
Rc7 35.Bf1 Kf6 36.Rd4 Rxb4 37.Rxb4 Ra7 38.Rbc4 Ra5 39.Rd1 Ke7 40.Rb4 Bc7 
41.Rc1 g5 42.Rb7 Kd7 43.Bb5+ Kc8 44.Rxc7+ Kxc7 45.Rxc5+ Kb6 46.Rc6+ Kxb5 
47.Rxe6 Kc4 48.Re7 Kd3 49.Rxh7 Ke2 50.Kg2 Ke1 51.Rf7 g4 52.e4 fxe4 53.Rf4 
e3 54.fxe3 Rg5 55.e4 Ke2 56.e5 1-0

[Event "41st Pan-American U20"]
[Site "Guatape COL"]
[Date "2016.06.24"]
[Round "8.7"]
[White "Cuellar, Diego"]
[Black "Escalante Ramirez, Brian Sebas"]
[Result "1/2-1/2"]
[WhiteElo "2357"]
[BlackElo "2300"]
[EventDate "2016.06.20"]
[PlyCount "81"]

1.e4 e6 2.d4 d5 3.Nc3 Bb4 4.e5 Ne7 5.a3 Bxc3+ 6.bxc3 c5 7.Qg4 cxd4 8.Qxg7 
Rg8 9.Qxh7 Qc7 10.Ne2 Nbc6 11.f4 dxc3 12.Qd3 d4 13.Rg1 b6 14.g4 Bb7 15.Rg3
O-O-O 16.Rb1 Rh8 17.h3 Nb8 18.a4 Ba6 19.Qe4 Bb7 20.Qd3 Ba6 21.Qe4 Qc5 22.
Rb3 Nec6 23.Ba3 Qd5 24.Qxd5 Rxd5 25.Bd6 Ra5 26.Ra3 b5 27.axb5 Rxb5 28.Nxc3
dxc3 29.Bxb5 Bxb5 30.Rgxc3 a6 31.Rc5 Nd7 32.c4 Nxc5 33.cxb5 Nd4 34.Rc3 
Nxb5 35.Rxc5+ Kd7 36.Rc4 Rxh3 37.Kf2 Rc3 38.Rxc3 Nxc3 39.Ke3 a5 40.f5 exf5
41.Kd4 1/2-1/2

[Event "41st Pan-American U20"]
[Site "Guatape COL"]
[Date "2016.06.24"]
[Round "8.8"]
[White "Husbands, Orlando"]
[Black "Squella Lavin, Carlos Felipe"]
[Result "1-0"]
[WhiteElo "2233"]
[BlackElo "2221"]
[EventDate "2016.06.20"]
[PlyCount "77"]

1.e4 e6 2.d4 d5 3.Nc3 Bb4 4.e5 c5 5.a3 Bxc3+ 6.bxc3 Qc7 7.Qg4 f5 8.Qg3 Nc6
9.Nf3 cxd4 10.cxd4 Nge7 11.Bd2 O-O 12.Be2 Bd7 13.O-O Be8 14.c3 Rc8 15.a4 
Bg6 16.h4 Qd7 17.Ng5 Na5 18.h5 Be8 19.Rfb1 Nc4 20.Bc1 h6 21.Nh3 Kh7 22.Nf4
Rc6 23.Nd3 Qc8 24.Nc5 b6 25.Nd3 Rc7 26.Nf4 Bf7 27.Qh4 Qd8 28.Bd3 Nc6 29.
Qh3 Kg8 30.Ra2 Rb7 31.f3 N6xe5 32.dxe5 Nxe5 33.Ba3 Re8 34.Bb5 Nd7 35.Nd3 
Qf6 36.f4 Rc7 37.Bxd7 Rxd7 38.Ne5 Rc7 39.a5 1-0

[Event "41st Pan-American U20"]
[Site "Guatape COL"]
[Date "2016.06.24"]
[Round "8.9"]
[White "Rengifo Blancas, Renzo Jhonath"]
[Black "Ruiz Castillo, Joshua Daniel"]
[Result "1-0"]
[WhiteElo "2140"]
[BlackElo "2399"]
[EventDate "2016.06.20"]
[PlyCount "127"]

1.d4 Nf6 2.c4 e5 3.dxe5 Ng4 4.Nf3 Nc6 5.Bf4 Bc5 6.e3 Qe7 7.a3 Ncxe5 8.b4 
Bd6 9.Nd4 b6 10.Be2 Nh6 11.Bxh6 gxh6 12.Nf5 Qf6 13.Nxd6+ cxd6 14.O-O Bb7 
15.Nc3 Rc8 16.Nd5 Qe6 17.Rc1 f5 18.Qd4 O-O 19.Rfd1 Ng6 20.Nf4 Nxf4 21.Qxf4
Rf6 22.Rd4 Kf8 23.Rcd1 Ke7 24.Qh4 Rf8 25.Qf4 Bc6 26.c5 bxc5 27.bxc5 Rg6 
28.cxd6+ Kf6 29.Bf3 Bxf3 30.Qxf3 Rb8 31.g3 Kg7 32.e4 Rb5 33.Qc3 Rf6 34.
exf5 Rbxf5 35.Rg4+ Rg5 36.Rf4 Rf5 37.Re1 Qd5 38.Rg4+ Rg5 39.Re7+ Kg6 40.
Qc2+ Rf5 41.Rf4 Qxd6 42.Ree4 Kg7 43.Qb2+ Kg6 44.Rd4 Rd5 45.h4 Rge5 46.Qc2+
Kg7 47.Rg4+ Kf6 48.Qxh7 Re1+ 49.Kg2 Rxd4 50.Rg6+ Ke5 51.Rxd6 Kxd6 52.Qxh6+
Re6 53.Qf8+ Kc6 54.h5 Rdd6 55.g4 Rf6 56.Qc8+ Kb6 57.Qc2 Rc6 58.Qb2+ Kc7 
59.Qe5+ Kb7 60.g5 Rfe6 61.Qb5+ Kc7 62.h6 Re4 63.h7 Rh4 64.h8=Q 1-0

[Event "41st Pan-American U20"]
[Site "Guatape COL"]
[Date "2016.06.24"]
[Round "8.10"]
[White "Acosta, Pablo Ismael"]
[Black "Posada, Juan Manuel"]
[Result "1-0"]
[WhiteElo "2380"]
[BlackElo "2041"]
[EventDate "2016.06.20"]
[PlyCount "25"]

1.c4 Nf6 2.Nc3 d6 3.g3 e5 4.Bg2 Be7 5.e4 O-O 6.Nge2 c6 7.d3 Be6 8.f4 g6 9.
O-O Qb6+ 10.Kh1 Ng4 11.f5 Bc8 12.d4 Bf6 13.h3 1-0

[Event "41st Pan-American U20"]
[Site "Guatape COL"]
[Date "2016.06.24"]
[Round "8.11"]
[White "Oliva Meneses, Juan Carlos"]
[Black "Nieto Rodriguez, Alejandro"]
[Result "1-0"]
[WhiteElo "2216"]
[BlackElo "2203"]
[EventDate "2016.06.20"]
[PlyCount "99"]

1.d4 Nf6 2.c4 e6 3.g3 b6 4.Bg2 d5 5.Nf3 Bb7 6.Ne5 Nbd7 7.Qa4 c5 8.Bg5 Be7 
9.dxc5 bxc5 10.Nc3 O-O 11.Nxd7 Nxd7 12.Bxe7 Qxe7 13.cxd5 Nb6 14.Qb3 exd5 
15.Nxd5 Bxd5 16.Bxd5 Nxd5 17.Qxd5 Rad8 18.Qf3 Qe5 19.Qc3 Qh5 20.O-O Rfe8 
21.Rad1 Rxd1 22.Rxd1 Qxe2 23.Rc1 c4 24.Qd4 Rc8 25.a4 g6 26.Kg2 a6 27.b3 a5
28.Rxc4 Rb8 29.Qc3 h5 30.Rc8+ Rxc8 31.Qxc8+ Kh7 32.Qc4 Qe7 33.h4 Kg8 34.
Qc8+ Kh7 35.Qc3 Qe4+ 36.Kh2 Qf5 37.Kg1 Qb1+ 38.Kg2 Qe4+ 39.Qf3 Qe6 40.Qb7 
Kg7 41.b4 Qb3 42.b5 Qxa4 43.b6 Qb5 44.Qc7 Qd5+ 45.Kh2 Qf3 46.Qe5+ Kg8 47.
Kg1 a4 48.Qe8+ Kh7 49.Qxa4 Qd5 50.Qa7 1-0

[Event "41st Pan-American U20"]
[Site "Guatape COL"]
[Date "2016.06.24"]
[Round "8.12"]
[White "Obando Guzman, Soren Federico"]
[Black "Tapia, Alexei"]
[Result "1/2-1/2"]
[WhiteElo "1992"]
[BlackElo "2204"]
[EventDate "2016.06.20"]
[PlyCount "119"]

1.d4 Nf6 2.c4 e6 3.Nf3 b6 4.g3 Ba6 5.Nbd2 Be7 6.Bg2 d5 7.O-O O-O 8.Qc2 c6 
9.Ne5 Nfd7 10.b3 b5 11.Ndf3 Nxe5 12.Nxe5 bxc4 13.bxc4 f6 14.cxd5 fxe5 15.
dxc6 Qc7 16.dxe5 Nd7 17.Be4 Nxe5 18.Bxh7+ Kh8 19.Bf4 g5 20.Be3 Bxe2 21.
Rfc1 Bf3 22.Be4 Bxe4 23.Qxe4 Nf3+ 24.Kg2 Qe5 25.Qc4 Qd5 26.Qxd5 exd5 27.
Bc5 Bxc5 28.Rxc5 d4 29.Rd5 Rac8 30.Rc1 g4 31.h3 gxh3+ 32.Kxh3 Kg7 33.Kg2 
Kg6 34.Rd7 Ne5 35.Rxd4 Rxc6 36.Rxc6+ Nxc6 37.Rd6+ Rf6 38.Rd7 Kf5 39.f3 Ke6
40.Rb7 Rf5 41.g4 Rc5 42.Rb2 Rc3 43.Re2+ Kf6 44.Rd2 a5 45.f4 a4 46.Rd6+ Ke7
47.Rh6 Nd4 48.f5 Ra3 49.f6+ Kf7 50.g5 Rxa2+ 51.Kh3 Rf2 52.Rh7+ Kg6 53.Rg7+
Kh5 54.Ra7 Ra2 55.f7 Ne6 56.Kg3 Kxg5 57.Re7 Ra3+ 58.Kf2 Kf6 59.Rxe6+ Kxf7 
60.Ra6 1/2-1/2

[Event "41st Pan-American U20"]
[Site "Guatape COL"]
[Date "2016.06.24"]
[Round "8.13"]
[White "Zapata Arbelaez, Estiven"]
[Black "Ampie, Mauro"]
[Result "0-1"]
[WhiteElo "2102"]
[BlackElo "2373"]
[EventDate "2016.06.20"]
[PlyCount "64"]

1.d4 Nf6 2.c4 e6 3.Nc3 Bb4 4.e3 O-O 5.Ne2 d5 6.a3 Bd6 7.g3 dxc4 8.Bg2 Nbd7
9.O-O e5 10.f4 exd4 11.Qxd4 Nc5 12.Qxc4 Be6 13.Nd5 c6 14.Nxf6+ Qxf6 15.Qc3
Qxc3 16.bxc3 Nb3 17.Rb1 Bc4 18.Re1 Bc5 19.Nd4 Nxc1 20.Rexc1 Bxa3 21.Rd1 
Rab8 22.Nc2 Bc5 23.Rd7 Bb6 24.Kf2 Rfd8 25.Rbd1 Be6 26.Rxd8+ Rxd8 27.Rxd8+ 
Bxd8 28.e4 Ba5 29.f5 Bc4 30.Ne3 Bb3 31.c4 Bb6 32.Bf1 a5 0-1

[Event "41st Pan-American U20"]
[Site "Guatape COL"]
[Date "2016.06.24"]
[Round "8.14"]
[White "Soto, Miguel Angel"]
[Black "Blandon, Luis Guillermo"]
[Result "0-1"]
[WhiteElo "1972"]
[BlackElo "2260"]
[EventDate "2016.06.20"]
[PlyCount "36"]

1.e4 c5 2.Nf3 d6 3.d4 cxd4 4.Nxd4 Nf6 5.Nc3 g6 6.Be3 Bg7 7.f3 a6 8.Bc4 
Nbd7 9.Qd2 b5 10.Bb3 Bb7 11.O-O-O h5 12.a3 Rc8 13.Rhe1 Ne5 14.h3 Nfd7 15.
f4 Nc4 16.Bxc4 Rxc4 17.Nd5 Nc5 18.Bg1 Bxd4 0-1

[Event "41st Pan-American U20"]
[Site "Guatape COL"]
[Date "2016.06.24"]
[Round "8.15"]
[White "Cotto Mux, Hector Vinicio"]
[Black "Cofre Archibold, Nestor"]
[Result "1/2-1/2"]
[WhiteElo "1939"]
[BlackElo "2215"]
[EventDate "2016.06.20"]
[PlyCount "147"]

1.d4 Nf6 2.c4 c5 3.d5 b5 4.cxb5 a6 5.g3 axb5 6.Bg2 d6 7.e4 g6 8.Ne2 Bg7 9.
O-O O-O 10.Na3 Ba6 11.Nc2 b4 12.a3 bxa3 13.Rxa3 Bxe2 14.Qxe2 Rxa3 15.Nxa3 
Nbd7 16.Nc4 Ne8 17.Bd2 Nc7 18.Ba5 Qb8 19.Bxc7 Qxc7 20.Rb1 Rb8 21.Qc2 Bd4 
22.Bf1 Rb4 23.b3 Ne5 24.Nxe5 dxe5 25.Bc4 Kg7 26.Kg2 Rb7 27.Qe2 Ra7 28.Rd1 
Ra3 29.Rd2 Qa5 30.Rc2 Ra1 31.Qd2 Qa3 32.h3 h6 33.Kh2 Qa7 34.Kg2 h5 35.Kh2 
h4 36.g4 Qa5 37.Qxa5 Rxa5 38.Re2 Kf6 39.Kg2 Ra7 40.Bb5 Ra3 41.Bc4 Ra7 42.
Bb5 Kg5 43.Ba4 c4 44.Ra2 c3 45.Kf3 Ra6 46.Rc2 Rf6+ 47.Kg2 Kf4 48.Bc6 Rd6 
49.Re2 Bc5 50.Rc2 Bb4 51.f3 Ke3 52.Bb5 Rb6 53.Bc4 g5 54.Re2+ Kd4 55.Kf2 
Rb7 56.Ra2 Rb6 57.Ke2 Rf6 58.Bb5 Rb6 59.Bc4 e6 60.dxe6 fxe6 61.Bd3 Rc6 62.
Bc4 Kc5 63.Bd3 Rd6 64.Bc4 Rd2+ 65.Rxd2 cxd2 66.Bd3 Kd4 67.Bc2 Kc3 68.Bd1 
Kb2 69.Kd3 Kb1 70.Ke3 Kb2 71.Kd3 Kb1 72.Ke3 Ka2 73.Kd3 Kb1 74.Ke3 1/2-1/2

[Event "41st Pan-American U20"]
[Site "Guatape COL"]
[Date "2016.06.24"]
[Round "8.16"]
[White "Noboa, Kevin"]
[Black "Fernandez, Nelson Wilfredo"]
[Result "1-0"]
[WhiteElo "2201"]
[BlackElo "1814"]
[EventDate "2016.06.20"]
[PlyCount "75"]

1.e4 e5 2.Nf3 Nc6 3.d4 exd4 4.Nxd4 Bb4+ 5.c3 Bc5 6.Be3 Bb6 7.Nf5 g6 8.Bxb6
axb6 9.Ne3 Nf6 10.f3 O-O 11.Be2 d6 12.O-O Re8 13.c4 Nh5 14.Qd2 Bd7 15.Re1 
Ne5 16.b3 Re6 17.Nc2 Qh4 18.Nc3 Bc6 19.g4 Ng3 20.Bd1 Nh5 21.gxh5 gxh5 22.
Kh1 Rg6 23.Nd4 Nd3 24.Rf1 Nf4 25.Rf2 Kh8 26.Nf5 Qg5 27.Bc2 Rag8 28.h4 Qf6 
29.Qxf4 Qxc3 30.Raf1 Qf6 31.Qd2 Qd8 32.Qd4+ f6 33.Bd1 Bd7 34.f4 Bxf5 35.
exf5 Rg3 36.Bxh5 Qf8 37.Rh2 Qg7 38.Qf2 1-0